[Event "Niedersachsen-ch op B"]
[Site "Verden"]
[Date "2018.01.05"]
[Round "4"]
[White "Axt, Christian"]
[Black "Henke, Wolfgang"]
[Result "1/2-1/2"]
[WhiteElo "1696"]
[BlackElo "1551"]
[PlyCount "79"]
[EventDate "2018.01.04"]
[EventType "swiss"]
[EventRounds "7"]
[EventCountry "GER"]
[SourceTitle "EXT 2022"]
[Source "ChessBase"]
[SourceDate "2021.10.06"]
[SourceVersion "1"]
[SourceVersionDate "2021.10.06"]
[SourceQuality "1"]

1. e4 e5 2. Nf3 Nc6 3. Bc4 Bc5 4. c3 Nf6 5. d4 exd4 6. cxd4 Bb4+ 7. Bd2 Bxd2+ 8. Nbxd2 d6 9. 0-0 0-0 10. Re1 d5 11. Bb5 dxe4 12. Nxe4 Nxe4 13. Rxe4 Ne7 14. Qe2 Ng6 15. Ne5 Nxe5 16. Rxe5 Bd7 17. Bc4 Qf6 18. Re1 g6 19. Qe4 c6 20. b4 Rae8 21. f4 Rxe5 22. fxe5 Qf5 23. Qe3 Be6 24. Rf1 Qc2 25. Rc1 Qf5 26. Bd3 Qh5 27. a4 Rd8 28. Be4 Bd5 29. h3 Bxe4 30. Qxe4 Qg5 31. Rd1 Qe7 32. b5 Rd5 33. bxc6 bxc6 34. Rc1 Qd7 35. Rc4 Qb7 36. Rc5 Rxc5 37. dxc5 Qd7 38. Qb4 Kg7 39. a5 Qd5 40. Qc3 1/2-1/2

[Event "Muensterland Verbandsliga 1617"]
[Site "Germany"]
[Date "2016.10.01"]
[Round "2.3"]
[White "Fischer, Andreas"]
[Black "Henke, Wolfgang"]
[Result "1/2-1/2"]
[WhiteElo "1927"]
[BlackElo "1805"]
[PlyCount "85"]
[EventDate "2016.09.10"]
[EventType "team"]
[EventRounds "9"]
[EventCountry "GER"]
[SourceTitle "EXT 2018"]
[Source "ChessBase"]
[SourceDate "2017.10.13"]
[SourceVersion "1"]
[SourceVersionDate "2017.10.13"]
[SourceQuality "1"]
[WhiteTeam "Saerbeck"]
[BlackTeam "Beelen"]
[WhiteTeamCountry "GER"]
[BlackTeamCountry "GER"]

1. e4 e5 2. f4 exf4 3. Nf3 d6 4. d4 g5 5. h4 g4 6. Ng1 Qf6 7. Nc3 Ne7 8. Nge2 Bh6 9. Qd2 Nbc6 10. Nb5 0-0 11. Nxf4 Bd7 12. Qf2 a6 13. Nxc7 Rac8 14. Ncd5 Nxd5 15. Nxd5 Qxf2+ 16. Kxf2 Bg7 17. c3 f5 18. exf5 Rxf5+ 19. Nf4 Nxd4 20. Bd3 Rf7 21. cxd4 Rxc1 22. Raxc1 Rxf4+ 23. Ke1 Rxd4 24. Rd1 g3 25. b3 d5 26. Be2 Re4 27. Rd3 Bb5 28. Kd1 Bxd3 29. Bxd3 Rd4 30. Ke2 Bf6 31. Ke3 Rb4 32. h5 Bd4+ 33. Kf4 Bf2+ 34. Ke5 d4 35. Rh4 Rb6 36. Rg4+ Kf8 37. Bxh7 Rb5+ 38. Kf6 Rb6+ 39. Kg5 Rb5+ 40. Kf6 Rb6+ 41. Kf5 d3 42. Ke5 Rb5+ 43. Ke6 1/2-1/2

[Event "Muensterland Verbandsliga 1617"]
[Site "Germany"]
[Date "2016.09.10"]
[Round "1.3"]
[White "Beckmann, David"]
[Black "Henke, Wolfgang"]
[Result "1-0"]
[WhiteElo "1999"]
[BlackElo "1805"]
[PlyCount "81"]
[EventDate "2016.09.10"]
[EventType "team"]
[EventRounds "9"]
[EventCountry "GER"]
[SourceTitle "EXT 2018"]
[Source "ChessBase"]
[SourceDate "2017.10.13"]
[SourceVersion "1"]
[SourceVersionDate "2017.10.13"]
[SourceQuality "1"]
[WhiteTeam "Borken"]
[BlackTeam "Beelen"]
[WhiteTeamCountry "GER"]
[BlackTeamCountry "GER"]

1. Nf3 Nf6 2. c4 g6 3. g3 Bg7 4. Bg2 0-0 5. 0-0 c6 6. d4 d5 7. cxd5 cxd5 8. Nc3 Nc6 9. a3 Na5 10. Ne5 Be6 11. b4 Qc7 12. Bb2 Nc4 13. Nxc4 Qxc4 14. Rc1 Qa6 15. b5 Qd6 16. Qb3 Ne4 17. Rfd1 f5 18. e3 Rac8 19. Ne2 Bf7 20. a4 Rxc1 21. Nxc1 Rc8 22. Nd3 Rc4 23. f3 Nf6 24. Ne5 Qb4 25. Qxb4 Rxb4 26. Ba3 Rxa4 27. Bxe7 Be6 28. Rc1 Bf8 29. Bxf6 Bd6 30. Nd3 Rc4 31. Bf1 Bd7 32. Rb1 Kf7 33. Be5 Be7 34. Bb8 Ra4 35. Ne5+ Ke6 36. Nxd7 Kxd7 37. Rc1 Bd8 38. Bf4 Ra2 39. g4 g5 40. Be5 Ra3 41. Kf2 1-0

[Event "Muensterland Verbandsklasse 1516"]
[Site "Germany"]
[Date "2016.01.23"]
[Round "5.1"]
[White "Boelker, Franz"]
[Black "Henke, Wolfgang"]
[Result "0-1"]
[WhiteElo "1788"]
[BlackElo "1741"]
[PlyCount "60"]
[EventDate "2015.09.19"]
[EventType "team"]
[EventRounds "9"]
[EventCountry "GER"]
[SourceTitle "EXT 2017"]
[Source "ChessBase"]
[SourceDate "2016.10.25"]
[SourceVersion "1"]
[SourceVersionDate "2016.10.25"]
[SourceQuality "1"]
[WhiteTeam "Raesfeld Erle II"]
[BlackTeam "Beelen II"]
[WhiteTeamCountry "GER"]
[BlackTeamCountry "GER"]

1. d4 Nf6 2. c4 g6 3. Nc3 Bg7 4. g3 0-0 5. Bg2 d6 6. e3 Nbd7 7. Nge2 e5 8. 0-0 c6 9. b3 Ne8 10. d5 c5 11. e4 f5 12. Qc2 Ndf6 13. f4 Nxe4 14. fxe5 Nxc3 15. Nxc3 Bxe5 16. Bh6 Rf7 17. Rae1 Nf6 18. Re2 Bd7 19. Bf4 Ng4 20. Bxe5 Nxe5 21. Nd1 Qg5 22. Nb2 Raf8 23. Nd3 Nxd3 24. Qxd3 f4 25. gxf4 Rxf4 26. Rxf4 Qxf4 27. Qg3 Qd4+ 28. Qe3 Qa1+ 29. Re1 Qxa2 30. Bh3 Bxh3 0-1

[Event "Niedersachsen-ch op-B"]
[Site "Verden"]
[Date "2016.01.04"]
[Round "3"]
[White "Pahl, Theis"]
[Black "Henke, Wolfgang"]
[Result "0-1"]
[WhiteElo "1569"]
[BlackElo "1741"]
[PlyCount "92"]
[EventDate "2016.01.03"]
[EventType "swiss"]
[EventRounds "7"]
[EventCountry "GER"]
[SourceTitle "EXT 2018"]
[Source "ChessBase"]
[SourceDate "2017.10.13"]
[SourceVersion "1"]
[SourceVersionDate "2017.10.13"]
[SourceQuality "1"]

1. e4 e5 2. Nc3 Nf6 3. f4 d6 4. Nf3 Nc6 5. Bb5 exf4 6. d4 Bd7 7. Bxf4 Be7 8. 0-0 0-0 9. Qd2 a6 10. Be2 Bg4 11. d5 Nb8 12. Nd4 Bxe2 13. Qxe2 g6 14. g4 Ne8 15. Bh6 Ng7 16. Nd1 Bf6 17. Qe3 Nd7 18. g5 Bxd4 19. Qxd4 Ne5 20. Ne3 Qd7 21. Rf4 Nh5 22. Rf2 Rfe8 23. Raf1 Re7 24. c4 Rae8 25. Qd2 Qh3 26. Qe2 Qc8 27. Qc2 Ng4 28. Nxg4 Qxg4+ 29. Kh1 Qd7 30. Re2 Qh3 31. Kg1 Qg4+ 32. Kh1 Rxe4 33. Rxe4 Rxe4 34. Qf2 Rf4 35. Qe1 Rxf1+ 36. Qxf1 Qe4+ 37. Kg1 Nf4 38. b3 Qe3+ 39. Kh1 Qe4+ 40. Kg1 Ne2+ 41. Kf2 Nd4 42. Kg1 Nf3+ 43. Kf2 Nxh2 44. Qa1 Ng4+ 45. Kg3 Ne5 46. Qb2 Qg4+ 0-1

[Event "Muenster Bezirksliga 0506"]
[Site "Muenster"]
[Date "2005.10.29"]
[Round "2.2"]
[White "Stopka, Tobias"]
[Black "Henke, Wolfgang"]
[Result "0-1"]
[WhiteElo "1774"]
[BlackElo "1834"]
[PlyCount "146"]
[EventDate "2005.09.10"]
[EventType "team"]
[EventRounds "9"]
[EventCountry "GER"]
[SourceTitle "EXT 2007"]
[Source "ChessBase"]
[SourceDate "2006.11.23"]
[SourceVersion "1"]
[SourceVersionDate "2006.11.23"]
[SourceQuality "1"]
[WhiteTeam "Hiltrup"]
[BlackTeam "Beelen"]
[WhiteTeamCountry "GER"]
[BlackTeamCountry "GER"]

1. e4 c5 2. Nf3 d6 3. Bb5+ Nc6 4. c3 Bd7 5. 0-0 Nf6 6. d4 Nxe4 7. d5 Ne5 8. Bxd7+ Nxd7 9. Re1 Nef6 10. Bf4 Nb6 11. a4 Nbxd5 12. Bg3 e6 13. Na3 Be7 14. c4 Nc7 15. Qd2 0-0 16. Rad1 Qd7 17. b3 Rad8 18. h4 Qc6 19. Nb5 a6 20. Nc3 Rfe8 21. Qc2 e5 22. Ng5 h6 23. Nge4 Nxe4 24. Nxe4 Ne6 25. Nc3 Nd4 26. Qa2 Qc8 27. Nd5 Qg4 28. Qb1 Bxh4 29. Re4 Ne2+ 30. Rxe2 Bxg3 31. Qd3 Bf4 32. g3 Bg5 33. Re4 Qd7 34. Qf3 f5 35. Ree1 e4 36. Qh5 Qf7 37. Qh3 f4 38. gxf4 Bxf4 39. Qg4 g5 40. Re2 h5 41. Qg2 Qf5 42. Rde1 Rd7 43. Rxe4 Rxe4 44. Rxe4 Be5 45. f4 Bd4+ 46. Kh1 Kh7 47. Ne7 Qg4 48. Qxg4 hxg4 49. fxg5 Be5 50. Nd5 g3 51. Nf6+ Bxf6 52. gxf6 Kg6 53. Kg2 Kxf6 54. Kxg3 b5 55. axb5 axb5 56. Kf3 d5 57. cxd5 Rxd5 58. Re3 Re5 59. Rd3 Ke6 60. Rd8 Rd5 61. Re8+ Kd7 62. Re3 Kd6 63. Kf4 c4 64. bxc4 bxc4 65. Re8 Kc5 66. Ke3 Kb4 67. Rb8+ Kc3 68. Rc8 Kb3 69. Ra8 c3 70. Ke2 Kb2 71. Rb8+ Kc1 72. Ra8 Rd2+ 73. Ke1 Z0 0-1

[Event "Alfeld Bezirk 3-ch"]
[Site "Alfeld"]
[Date "2005.10.02"]
[Round "4"]
[White "Henke, Wolfgang"]
[Black "Lallensack, Jens"]
[Result "1-0"]
[WhiteElo "1630"]
[BlackElo "1666"]
[PlyCount "92"]
[EventDate "2005.10.01"]
[EventType "swiss"]
[EventRounds "5"]
[EventCountry "GER"]
[SourceTitle "EXT 2007"]
[Source "ChessBase"]
[SourceDate "2006.11.23"]
[SourceVersion "1"]
[SourceVersionDate "2006.11.23"]
[SourceQuality "1"]

1. d4 d5 2. c4 c6 3. Nc3 Nf6 4. cxd5 cxd5 5. Nf3 Nc6 6. e3 Bf5 7. Nh4 Bg4 8. f3 Bd7 9. g4 e5 10. Ng2 e4 11. Be2 Bd6 12. fxe4 Bb4 13. Bd2 Bxc3 14. Bxc3 Be6 15. h3 Qd6 16. Qd2 0-0-0 17. 0-0-0 g6 18. Kb1 Nd7 19. Bb5 Nb6 20. b3 Kb8 21. Ne1 Rc8 22. Nc2 a6 23. Be2 Rc7 24. Rc1 Rhc8 25. Bb2 Ne7 26. Ba3 Qd7 27. Qb4 Ka7 28. Qd2 f6 29. Bc5 Rxc5 30. dxc5 Rxc5 31. Nd4 Rxc1+ 32. Rxc1 Kb8 33. Qa5 Ka7 34. Qc5 Nec8 35. h4 Kb8 36. h5 Na8 37. Qb4 Nc7 38. Nc6+ Ka8 39. Nd4 Bf7 40. Qc3 Kb8 41. Nc2 Qc6 42. Qxc6 bxc6 43. Nd4 c5 44. Rxc5 Kb7 45. Rc6 f5 46. Rf6 Nd6 1-0

[Event "Northeim CES 1st"]
[Site "Northeim"]
[Date "2005.04.16"]
[Round "5"]
[White "Neumann, Michael"]
[Black "Henke, Wolfgang"]
[Result "1-0"]
[WhiteElo "2208"]
[BlackElo "1942"]
[PlyCount "51"]
[EventDate "2005.04.14"]
[EventType "swiss"]
[EventRounds "7"]
[EventCountry "GER"]
[SourceTitle "CBM 105 Extra"]
[Source "ChessBase"]
[SourceDate "2005.05.01"]
[SourceVersion "1"]
[SourceVersionDate "2005.05.01"]
[SourceQuality "1"]

1. e4 c5 2. Nf3 Nc6 3. Bb5 g6 4. Bxc6 bxc6 5. 0-0 d5 6. Re1 Bg4 7. h3 Bxf3 8. Qxf3 Bg7 9. Nc3 d4 10. Na4 Qa5 11. b3 e5 12. Qe2 Bh6 13. Qc4 Bf8 14. Ba3 Rb8 15. Bxc5 Bh6 16. d3 Nf6 17. Ba3 Qc7 18. Nc5 Qa5 19. Na4 Qc7 20. Red1 Nd7 21. c3 Nb6 22. Nxb6 Qxb6 23. Bd6 Rd8 24. Bxe5 Rg8 25. Bxd4 Qc7 26. Qc5 1-0

[Event "Suedniedersachsen distr-ch"]
[Site "Bad Salzdetfurth"]
[Date "2004.10.16"]
[Round "3"]
[White "Henke, Wolfgang"]
[Black "Swenson, Lawrence Ken Jr"]
[Result "0-1"]
[WhiteElo "1560"]
[BlackElo "1762"]
[PlyCount "104"]
[EventDate "2004.10.15"]
[EventType "swiss"]
[EventRounds "5"]
[EventCountry "GER"]
[SourceTitle "EXT 2008"]
[Source "ChessBase"]
[SourceDate "2007.11.25"]
[SourceVersion "1"]
[SourceVersionDate "2007.11.25"]
[SourceQuality "1"]

1. e4 e6 2. Nf3 d5 3. exd5 exd5 4. d4 Bd6 5. Bd3 Ne7 6. 0-0 0-0 7. h3 Bf5 8. Nc3 c6 9. Be3 f6 10. Ne1 Qd7 11. Qf3 Na6 12. a3 Nc7 13. Ne2 Bxd3 14. Nxd3 Qf5 15. Qxf5 Nxf5 16. Bd2 Rae8 17. Rae1 Re7 18. c3 Rfe8 19. Nec1 Ne6 20. Re2 Kf7 21. Rfe1 g5 22. g3 a5 23. Kg2 a4 24. Kg1 b6 25. Kg2 c5 26. Kg1 cxd4 27. Kg2 Bc5 28. Kf1 Nd6 29. Na2 Ne4 30. Nab4 Rd7 31. Nc2 dxc3 32. Bxc3 h5 33. Bb4 Nd4 34. Nxd4 Bxd4 35. Kg2 Rc8 36. f3 Nc5 37. Nxc5 bxc5 38. Rc2 c4 39. Rce2 Be5 40. Rc2 h4 41. g4 d4 42. Rd2 Bf4 43. Rdd1 Rc6 44. Re4 Be5 45. Kf2 Rb7 46. Rb1 Rcb6 47. Ke1 Rxb4 48. axb4 Rxb4 49. Ra1 Ke6 50. Re2 Kd5 51. Kd1 d3 52. Ra2 dxe2+ 0-1

[Event "Suedniedersachsen distr-ch"]
[Site "Bad Salzdetfurth"]
[Date "2004.10.15"]
[Round "1"]
[White "Henke, Wolfgang"]
[Black "Joege, Friedhelm"]
[Result "0-1"]
[WhiteElo "1560"]
[BlackElo "1932"]
[PlyCount "70"]
[EventDate "2004.10.15"]
[EventType "swiss"]
[EventRounds "5"]
[EventCountry "GER"]
[SourceTitle "EXT 2008"]
[Source "ChessBase"]
[SourceDate "2007.11.25"]
[SourceVersion "1"]
[SourceVersionDate "2007.11.25"]
[SourceQuality "1"]

1. c4 e6 2. d4 d5 3. Nc3 c6 4. Nf3 dxc4 5. a4 Bb4 6. e3 b5 7. axb5 cxb5 8. Bd2 Qb6 9. b3 Bxc3 10. Bxc3 b4 11. Bd2 c3 12. Bc1 Nf6 13. Ne5 Bb7 14. Nc4 Qc7 15. Na5 Bd5 16. f3 Nc6 17. Nc4 Bxc4 18. Bxc4 a5 19. Bb5 0-0 20. 0-0 Rfd8 21. Qc2 Qb6 22. Qe2 Na7 23. Bc4 Nc8 24. Ra4 Qc7 25. Ra2 Nb6 26. Ba6 a4 27. bxa4 b3 28. Ra3 b2 29. Bxb2 cxb2 30. Bb5 Qc1 31. Rb3 Nxa4 32. Bxa4 Rxa4 33. Rxb2 Qc4 34. Qd2 Ra3 35. Rfb1 h6 0-1

[Event "Werther Schloss op-B 10th"]
[Site "Werther"]
[Date "2004.04.04"]
[Round "5"]
[White "Fenner, Martin"]
[Black "Henke, Wolfgang"]
[Result "1-0"]
[WhiteElo "1872"]
[BlackElo "1757"]
[PlyCount "91"]
[EventDate "2004.04.02"]
[EventType "swiss"]
[EventRounds "5"]
[EventCountry "GER"]
[SourceTitle "EXT 2006"]
[Source "ChessBase"]
[SourceDate "2005.11.24"]
[SourceVersion "1"]
[SourceVersionDate "2005.11.24"]
[SourceQuality "1"]

1. d4 Nf6 2. c4 g6 3. Nc3 Bg7 4. e4 d6 5. f3 0-0 6. Be3 c6 7. Qd2 e5 8. Nge2 Nbd7 9. 0-0-0 a6 10. d5 c5 11. g4 b5 12. Ng3 Nb6 13. h4 bxc4 14. h5 Qe7 15. Qh2 Bh8 16. Be2 Rd8 17. Bg5 Rb8 18. Qh4 Kf8 19. hxg6 fxg6 20. Qxh7 Qxh7 21. Rxh7 Nxh7 22. Bxd8 Na8 23. Rh1 Kg8 24. Be7 Rb6 25. Bxc4 Bd7 26. a4 a5 27. Bb5 Bc8 28. Bc6 Bb7 29. Bd8 Bxc6 30. Bxb6 Nxb6 31. dxc6 Nf6 32. Rd1 Ne8 33. Nb5 Nc8 34. Nf1 Bf6 35. Nd2 Bg5 36. Kc2 Bxd2 37. Rxd2 Kf7 38. Rh2 Kg7 39. Kc3 Nb6 40. b3 Nc8 41. Rd2 Kf7 42. Na3 Na7 43. Nc4 Nxc6 44. Nxd6+ Nxd6 45. Rxd6 Nd4 46. g5 1-0

[Event "Werther Schloss op-B 10th"]
[Site "Werther"]
[Date "2004.04.04"]
[Round "4"]
[White "Henke, Wolfgang"]
[Black "Plug, Arjan JH"]
[Result "1-0"]
[WhiteElo "1757"]
[BlackElo "1890"]
[PlyCount "63"]
[EventDate "2004.04.02"]
[EventType "swiss"]
[EventRounds "5"]
[EventCountry "GER"]
[SourceTitle "EXT 2006"]
[Source "ChessBase"]
[SourceDate "2005.11.24"]
[SourceVersion "1"]
[SourceVersionDate "2005.11.24"]
[SourceQuality "1"]

1. e4 e6 2. d4 d5 3. Nd2 Be7 4. Bd3 dxe4 5. Nxe4 Nf6 6. Nf3 0-0 7. 0-0 Nbd7 8. c3 c5 9. Bf4 Nxe4 10. Bxe4 Nf6 11. Bc2 Qb6 12. Qd3 Rd8 13. Bg5 g6 14. Ne5 cxd4 15. Qf3 Kg7 16. Ng4 e5 17. Nxe5 dxc3 18. Bb3 cxb2 19. Nxf7 Be6 20. Nxd8 Bxb3 21. Rae1 Bf7 22. Nxf7 Kxf7 23. Rb1 Rc8 24. Be3 Qb5 25. Bd4 Rc2 26. Rfe1 Qb4 27. Rxe7+ Kxe7 28. Qxf6+ Kd7 29. Bxb2 b6 30. Rd1+ Rd2 31. Rxd2+ Qxd2 32. Qd4+ 1-0

[Event "Werther Schloss op-B 8th"]
[Site "Werther"]
[Date "2002.03.22"]
[Round "1"]
[White "Henke, Wolfgang"]
[Black "Fenner, Martin"]
[Result "0-1"]
[WhiteElo "1740"]
[BlackElo "1861"]
[PlyCount "118"]
[EventDate "2002.03.22"]
[EventType "swiss"]
[EventRounds "5"]
[EventCountry "GER"]
[SourceTitle "EXT 2006"]
[Source "ChessBase"]
[SourceDate "2005.11.24"]
[SourceVersion "1"]
[SourceVersionDate "2005.11.24"]
[SourceQuality "1"]

1. e4 c5 2. Nf3 e6 3. d4 cxd4 4. Nxd4 Nc6 5. g3 Nf6 6. Bg2 d6 7. 0-0 Bd7 8. Be3 Nxd4 9. Qxd4 Qc7 10. Nc3 Be7 11. a4 0-0 12. Nb5 Bxb5 13. axb5 e5 14. Qd3 Rfc8 15. Rfc1 b6 16. Bh3 Rd8 17. Ra3 d5 18. Rc3 Qb7 19. exd5 e4 20. Qc4 Qxd5 21. Re1 h6 22. Qe2 Bb4 23. Bg2 Ne8 24. Bf4 f5 25. f3 Bxc3 26. bxc3 Nf6 27. c4 Qd4+ 28. Be3 Qc3 29. fxe4 fxe4 30. Bh3 Re8 31. Rd1 Rad8 32. Rxd8 Rxd8 33. Be6+ Kh8 34. g4 Qa1+ 35. Kg2 Qd1 36. Qxd1 Rxd1 37. g5 hxg5 38. Bxg5 Re1 39. Kf2 Rh1 40. Bf4 Kh7 41. Bf5+ Kg8 42. Ke3 Kf7 43. Bb8 Ra1 44. Be5 Re1+ 45. Kd2 Rf1 46. Bc8 Kg6 47. Bb8 Ra1 48. Ba6 Rh1 49. Bc8 Kg5 50. h3 Ra1 51. Ba6 Nd7 52. Bxa7 Kf4 53. Ke2 g5 54. Kf2 Ra2 55. Ke1 Kf3 56. c5 bxc5 57. Kd1 Ra1+ 58. Kd2 e3+ 59. Kd3 Kf2 0-1